000 00466nam a2200181Ia 4500
008 240925s9999 xx 000 0 und d
020 _a6550541
082 _a271.9002 ARM
100 _aArmstrong , Karren
245 0 _aThrough the Narrow Gate A Nuns Story
250 _aNA
260 _aGreat Braitain:
_bFlamingo
_c,1995.
300 _axvi,624p.
_bNA
_fPhotocopy
500 _aNA
600 _aHumanities & Natural Science
650 _aReligion
942 _cBK
999 _c9834
_d9834